000 00366 a2200169 4500
001 175843
020 _a85-349-1056-1
040 _cMagnum
100 _aMecconi, Beppe
240 1 0 _aO polvo sineiro
_lpor
245 1 0 _aO polvo sineiro
300 _a31
362 0 _a1997
440 1 _aPaulus
697 _aLITERATURA INFANTO-JUVENIL ESTRANGEIRA
942 _cBK
999 _c175843
_d175843